=LDR 00000nam 2200000 4500 =001 INLIS000000000014627 =005 20130612105915 =008 ***********************************Ind** =035 ##$$0010-061300000014627 =041 ##$$a Ind =082 ##$$a 621.302 =090 ##$$a 621.302, Har d =100 ##$$a Hardy, syam =245 ##$$a dasar-dasar teknik listrik aliran rata-rata, syam hardy =260 ##$$a 1983 $b Jakarta =300 ##$$a 169 hlm, Ilus, Ilus, 21 cm =650 ##$$a Teknik listrik =850 ##$$a NBPNMAT